| 000 | 00829cam a2200265 i 4500 | ||
|---|---|---|---|
| 999 |
_c37488 _d37488 |
||
| 001 | 37488 | ||
| 003 | Mx-PuUPA | ||
| 005 | 20230414123610.0 | ||
| 008 | 140415s1996 sp a r 000 0 spa d | ||
| 020 | _a8445803700 | ||
| 040 |
_erda _aMx-PuUPA _bspa _cMx-PuUPA _dMx-PuUPA |
||
| 041 | 0 | _aspa | |
| 100 | 1 |
_aJunqueira, Luiz Carlos Uchôa, _d1920-2006 _eautor _94038 |
|
| 245 | 1 | 0 |
_aHistología básica / _cL.C. Junqueira, José Carneiro. |
| 250 | _a4a. edición | ||
| 264 | 1 |
_aEspaña : _bMasson, _c1996 |
|
| 300 |
_a499 páginas : _bilustraciones ; _c27 cm. |
||
| 336 |
_atexto _2rdacontent _btxt |
||
| 337 |
_asin medio _2rdamedia _bn |
||
| 338 |
_avolumen _2rdacarrier _bnc |
||
| 650 | 4 | _aHistología | |
| 700 | 1 |
_aCarneiro, José, _eautor |
|
| 942 |
_2ddc _cLI _h611.0181 _iJ955 |
||